000 01140nam a2200349 c 4500
001 52004
003 ES-MaCES
005 20211124124413.0
008 211124s2021 sp o000 | spa d
017 _aM 17785-2021
_bDL
020 _a9788413522647
040 _aES-MaCES
_bspa
_cES-MaCES
245 1 0 _aVidas "low cost "
_b: ser joven entre dos crisis
_cJavier Pueyo (coord.) ; [autores], Sara Montero ... [et al.]
260 _aMadrid
_bFundación 1º de Mayo
_b: Los Libros de la Catarata
_c[2021]
300 _a174 p.
_bgráf.
_c22 cm
500 _aEn el lomo: 775
541 _cCompra
650 4 _ajuventud
_928522
650 4 _acrisis económica
_927102
650 4 _adesempleo de jóvenes
_929983
650 4 _aempleo de jóvenes
_929982
650 4 _aempleo precario
_930171
650 4 _anivel educativo
_927448
650 4 _amovimiento social
_927313
650 4 _aproblema social
_927044
650 4 _aEspaña
_926964
653 1 0 _aAsuntos Sociales
700 1 _921471
_aPueyo Calleja, Francisco Javier
_ecoord.
710 2 _aFundación 1º de Mayo
_eed.
_93735
902 _aLIB Libro
942 _2CES
_cBK
_h3.3.
999 _c52004
_d52004